|
|
|
|
| LEADER |
00000nab a2200000 a 4500 |
| 001 |
vtls000724368 |
| 003 |
SK-MaSNL |
| 005 |
20260305014156.0 |
| 008 |
040806c1999 xo 0 slo |
| 015 |
|
|
|a SNBRB2000/06-16655
|
| 035 |
|
|
|a CLN000076532
|
| 040 |
|
|
|a SNKBUCL
|b slo
|c SNKBUCL
|e AACR2
|
| 041 |
0 |
|
|a slo
|
| 044 |
|
|
|a xo
|c SK
|
| 080 |
|
|
|a 329.73-058.237(437.6):061.3:342.15(437.6)
|2 UDC-MRF-SK2
|
| 080 |
|
|
|a 342.15(437.6)
|2 UDC-MRF-SK2
|
| 080 |
|
|
|a 301.15-058.237:061.25(437.6):061.3:342.15(437.6)
|2 UDC-MRF-SK2
|
| 100 |
1 |
|
|a Janto, Jozef,
|d 1940-
|4 aut
|9 5366
|
| 245 |
1 |
0 |
|a Stála konferencia
|b dzurindizmus je príčinou demontáže našej štátnosti
|c Jozef Janto
|
| 300 |
|
|
|b Fotogr.
|
| 610 |
2 |
7 |
|a Spoločnosť slovenskej inteligencie Korene
|2 snkbucl
|9 15068
|
| 610 |
2 |
7 |
|a Stála konferencia slovenskej inteligencie Slovakia plus
|2 snkbucl
|9 145760
|
| 611 |
2 |
7 |
|a Národná a štátna stratégia Slovenska
|d (1999 :
|c Bratislava, Slovensko)
|2 snkbucl
|9 125318
|
| 648 |
|
7 |
|a november 1999
|2 snkbucl
|9 1203034
|
| 650 |
0 |
7 |
|a slovenská štátnosť
|2 snkbucl
|9 71494
|
| 650 |
0 |
7 |
|a konferencie
|2 snkbucl
|9 19221
|
| 773 |
0 |
|
|t Extra
|g Roč. 8, č. 46 (1999), s. 5
|
| 850 |
|
|
|a Slovenská národná knižnica v Martine
|
| 852 |
|
|
|a SNK
|b KIS3GCP
|
| 999 |
|
|
|c 3268060
|d 3269990
|